[Event "Titled Tuesday intern op 21st Dec"]
[Site "Chess.com INT"]
[Date "2021.12.21"]
[Round "3"]
[White "Loy, Konstantin"]
[Black "Taboas Rodriguez, Daniel"]
[Result "0-1"]
[WhiteElo "2268"]
[BlackElo "2367"]
[PlyCount "50"]
[EventDate "2021.12.21"]
[EventType "swiss (blitz)"]
[EventRounds "11"]
[EventCountry "USA"]
[SourceTitle "CBM 205 Extra"]
[Source "ChessBase"]
[SourceDate "2022.01.31"]
[SourceVersion "1"]
[SourceVersionDate "2022.01.31"]
[SourceQuality "1"]

1. e4 d6 2. d4 Nf6 3. Nc3 e5 4. Nf3 Nbd7 5. Bc4 Be7 6. a4 O-O 7. O-O c6 8. Ba2 Re8 9. h3 Bf8 10. Re1 h6 11. Nh4 exd4 12. Qxd4 d5 13. Nf5 Bc5 14. Qd3 Ne5 15. Qg3 Bxf5 16. exf5 Nf3+ 17. gxf3 Rxe1+ 18. Kg2 Bd6 19. Qh4 Qe7 20. Rb1 Re8 21. Be3 Rxb1 22. Bxb1 Qe5 23. Ne2 Qh2+ 24. Kf1 Qh1+ 25. Ng1 Bh2 0-1

[Event "Titled Tuesday intern op 21st Dec"]
[Site "Chess.com INT"]
[Date "2021.12.21"]
[Round "3"]
[White "Macovei, Andrei"]
[Black "Sawyer, Bradley J"]
[Result "1-0"]
[WhiteElo "2454"]
[BlackElo "2172"]
[PlyCount "89"]
[EventDate "2021.12.21"]
[EventType "swiss (blitz)"]
[EventRounds "11"]
[EventCountry "USA"]
[SourceTitle "CBM 205 Extra"]
[Source "ChessBase"]
[SourceDate "2022.01.31"]
[SourceVersion "1"]
[SourceVersionDate "2022.01.31"]
[SourceQuality "1"]

1. e4 c5 2. Nf3 d6 3. Bb5+ Bd7 4. Bd3 Nf6 5. h3 c4 6. Bxc4 Nxe4 7. O-O Bc6 8. d4 d5 9. Bd3 Nd7 10. Re1 e6 11. Nbd2 Ndf6 12. Ne5 Bd6 13. Nxc6 bxc6 14. Nxe4 dxe4 15. Bxe4 Nxe4 16. Rxe4 O-O 17. c4 Qf6 18. b3 Rfd8 19. Bb2 a5 20. Qe2 Qf5 21. Rd1 a4 22. Re3 axb3 23. axb3 Ra2 24. Rf3 Qh5 25. Rb1 Qg6 26. Qd3 Qh6 27. Bc1 Qh5 28. Be3 Rda8 29. Qd1 Qg6 30. g3 Rc2 31. Kg2 Raa2 32. Ra1 h5 33. h4 Bb4 34. Rxa2 Rxa2 35. d5 Qe4 36. dxe6 Qxe6 37. Qd8+ Kh7 38. Qg5 Ra5 39. Qf4 Kg8 40. Bd4 Bd6 41. Qd2 Rf5 42. Re3 Qd7 43. Bc3 Qc7 44. Rd3 Be7 45. Rd7 1-0

[Event "Titled Tuesday intern op 21st Dec"]
[Site "Chess.com INT"]
[Date "2021.12.21"]
[Round "3"]
[White "Mamedyarov, Shakhriyar"]
[Black "Papasimakopoulos, Alexandros"]
[Result "1-0"]
[WhiteElo "2767"]
[BlackElo "2259"]
[PlyCount "45"]
[EventDate "2021.12.21"]
[EventType "swiss (blitz)"]
[EventRounds "11"]
[EventCountry "USA"]
[SourceTitle "CBM 205 Extra"]
[Source "ChessBase"]
[SourceDate "2022.01.31"]
[SourceVersion "1"]
[SourceVersionDate "2022.01.31"]
[SourceQuality "1"]

1. d4 f5 2. c4 Nf6 3. Nc3 d6 4. g3 g6 5. Bg2 Bg7 6. Nf3 O-O 7. O-O e6 8. b4 e5 9. dxe5 dxe5 10. e4 fxe4 11. Qxd8 Rxd8 12. Ng5 Nc6 13. a3 a5 14. b5 Nd4 15. Ngxe4 Nxe4 16. Bxe4 c6 17. Bg5 Re8 18. Kg2 Be6 19. bxc6 bxc6 20. c5 Nb3 21. Rad1 Rac8 22. Be3 Nd4 23. Rb1 1-0

[Event "Titled Tuesday intern op 21st Dec"]
[Site "Chess.com INT"]
[Date "2021.12.21"]
[Round "3"]
[White "Martic, Ivan"]
[Black "Necula, Iulian"]
[Result "1-0"]
[WhiteElo "2287"]
[BlackElo "1890"]
[PlyCount "47"]
[EventDate "2021.12.21"]
[EventType "swiss (blitz)"]
[EventRounds "11"]
[EventCountry "USA"]
[SourceTitle "CBM 205 Extra"]
[Source "ChessBase"]
[SourceDate "2022.01.31"]
[SourceVersion "1"]
[SourceVersionDate "2022.01.31"]
[SourceQuality "1"]

1. e4 g6 2. d4 c6 3. Nc3 d5 4. Nf3 Bg4 5. h3 Bxf3 6. Qxf3 dxe4 7. Nxe4 Nf6 8. Nxf6+ exf6 9. c3 Bg7 10. Qe3+ Qe7 11. Qxe7+ Kxe7 12. Bc4 Re8 13. O-O Kf8 14. Bf4 Nd7 15. Rfe1 Kg8 16. Kf1 Nb6 17. Bb3 g5 18. Bd6 Bf8 19. Bg3 a5 20. Rxe8 Rxe8 21. Bc7 a4 22. Bxb6 axb3 23. axb3 Re7 24. Ra8 1-0

[Event "Titled Tuesday intern op 21st Dec"]
[Site "Chess.com INT"]
[Date "2021.12.21"]
[Round "3"]
[White "Martin Carmona, Gaston Manuel"]
[Black "Tahbaz, Arash"]
[Result "0-1"]
[WhiteElo "2362"]
[BlackElo "2468"]
[PlyCount "76"]
[EventDate "2021.12.21"]
[EventType "swiss (blitz)"]
[EventRounds "11"]
[EventCountry "USA"]
[SourceTitle "CBM 205 Extra"]
[Source "ChessBase"]
[SourceDate "2022.01.31"]
[SourceVersion "1"]
[SourceVersionDate "2022.01.31"]
[SourceQuality "1"]

1. c4 c5 2. Nf3 g6 3. Nc3 Nc6 4. g3 Bg7 5. Bg2 e6 6. O-O Nge7 7. Rb1 O-O 8. a3 a5 9. d3 d5 10. cxd5 exd5 11. Bf4 h6 12. Rc1 b6 13. Nb5 Bb7 14. Qb3 a4 15. Qc2 Qd7 16. h4 Nf5 17. Qd2 Kh7 18. Nc7 Rac8 19. Nxd5 Qxd5 20. Ng5+ hxg5 21. Bxd5 gxf4 22. gxf4 Rcd8 23. Bh1 Rfe8 24. e3 Nxh4 25. Qc2 Rh8 26. Qxa4 Na5 27. Bxb7 Nxb7 28. Qc6 Nd6 29. Qxb6 Nf3+ 30. Kg2 Nh4+ 31. Kh3 Bf6 32. Rxc5 Kg7 33. Rh1 Ndf5 34. Kg4 Rxd3 35. Rc7 Nh6+ 36. Kh3 Rd2 37. e4 Rd3+ 38. Kh2 Ng4+ 0-1

[Event "Titled Tuesday intern op 21st Dec"]
[Site "Chess.com INT"]
[Date "2021.12.21"]
[Round "3"]
[White "Martin Duque, Jesus"]
[Black "Dobrov, Vladimir"]
[Result "0-1"]
[WhiteElo "2416"]
[BlackElo "2478"]
[PlyCount "55"]
[EventDate "2021.12.21"]
[EventType "swiss (blitz)"]
[EventRounds "11"]
[EventCountry "USA"]
[SourceTitle "CBM 205 Extra"]
[Source "ChessBase"]
[SourceDate "2022.01.31"]
[SourceVersion "1"]
[SourceVersionDate "2022.01.31"]
[SourceQuality "1"]

1. Nf3 d5 2. b3 f6 3. d4 c5 4. e3 Nc6 5. Bb2 Bg4 6. dxc5 e5 7. h3 Be6 8. Nbd2 Bxc5 9. Bb5 Nge7 10. O-O O-O 11. a3 a6 12. Be2 Ba7 13. c4 d4 14. exd4 Nxd4 15. Nxd4 Bxd4 16. Bxd4 Qxd4 17. Nf3 Qxd1 18. Rfxd1 Rfd8 19. b4 Nc6 20. b5 Na5 21. Rxd8+ Rxd8 22. bxa6 bxa6 23. c5 Nb3 24. Rb1 Nxc5 25. Rb6 Kf7 26. Bxa6 e4 27. Nh2 Nxa6 28. Rb7+ 0-1

[Event "Titled Tuesday intern op 21st Dec"]
[Site "Chess.com INT"]
[Date "2021.12.21"]
[Round "3"]
[White "Mirzoev, Azer"]
[Black "Osmak, Iulija"]
[Result "1-0"]
[WhiteElo "2420"]
[BlackElo "2419"]
[PlyCount "81"]
[EventDate "2021.12.21"]
[EventType "swiss (blitz)"]
[EventRounds "11"]
[EventCountry "USA"]
[SourceTitle "CBM 205 Extra"]
[Source "ChessBase"]
[SourceDate "2022.01.31"]
[SourceVersion "1"]
[SourceVersionDate "2022.01.31"]
[SourceQuality "1"]

1. c4 f5 2. Nc3 Nf6 3. d4 d6 4. Bf4 g6 5. e3 Bg7 6. h3 Nc6 7. Nf3 O-O 8. Bh2 e6 9. Be2 Qe7 10. O-O Bd7 11. Rc1 Rae8 12. a3 Ne4 13. Nxe4 fxe4 14. Nd2 e5 15. d5 Nb8 16. Nxe4 Bf5 17. Bd3 Nd7 18. b4 h6 19. Qc2 Qf7 20. Bg3 g5 21. Rfd1 g4 22. hxg4 Bxg4 23. f3 Bf5 24. Nf2 Qg6 25. Bxf5 Rxf5 26. Bh4 Ref8 27. c5 Kh7 28. cxd6 cxd6 29. Qe4 R8f7 30. Qg4 Rh5 31. Qxg6+ Kxg6 32. Bg3 Rg5 33. Ne4 Rgf5 34. Bh4 Bf8 35. Rc7 Nb6 36. Rxf7 Rxf7 37. Rd3 Rc7 38. Ng3 Rc2 39. e4 Nc4 40. Nf5 b5 41. Ne3 1-0

[Event "Titled Tuesday intern op 21st Dec"]
[Site "Chess.com INT"]
[Date "2021.12.21"]
[Round "3"]
[White "Nasuta, Grzegorz"]
[Black "Jacobson, Brandon"]
[Result "0-1"]
[WhiteElo "2521"]
[BlackElo "2530"]
[PlyCount "68"]
[EventDate "2021.12.21"]
[EventType "swiss (blitz)"]
[EventRounds "11"]
[EventCountry "USA"]
[SourceTitle "CBM 205 Extra"]
[Source "ChessBase"]
[SourceDate "2022.01.31"]
[SourceVersion "1"]
[SourceVersionDate "2022.01.31"]
[SourceQuality "1"]

1. e4 e5 2. Nf3 Nc6 3. Bc4 Bc5 4. O-O Nf6 5. d3 d6 6. c3 h6 7. Bb3 O-O 8. h3 a5 9. Re1 Be6 10. Bc2 d5 11. exd5 Bxd5 12. Nxe5 Nxe5 13. Rxe5 Bd6 14. Re1 Re8 15. Nd2 Rxe1+ 16. Qxe1 Nh5 17. Ne4 Nf4 18. Bxf4 Bxf4 19. d4 Qe7 20. Nc5 Qg5 21. Qf1 Bd6 22. Ne4 Bxe4 23. Bxe4 Qf4 24. Qb1 Re8 25. Bh7+ Kh8 26. g3 Qg5 27. Be4 f5 28. Bg2 f4 29. g4 f3 30. Bxf3 Qf4 31. Bg2 Rf8 32. Qc2 Qh2+ 33. Kf1 Bg3 34. f3 Rxf3+ 0-1

[Event "Titled Tuesday intern op 21st Dec"]
[Site "Chess.com INT"]
[Date "2021.12.21"]
[Round "3"]
[White "Onischuk, Vladimir"]
[Black "Stoleriu, George"]
[Result "1-0"]
[WhiteElo "2620"]
[BlackElo "2419"]
[PlyCount "51"]
[EventDate "2021.12.21"]
[EventType "swiss (blitz)"]
[EventRounds "11"]
[EventCountry "USA"]
[SourceTitle "CBM 205 Extra"]
[Source "ChessBase"]
[SourceDate "2022.01.31"]
[SourceVersion "1"]
[SourceVersionDate "2022.01.31"]
[SourceQuality "1"]

1. e4 e6 2. d4 d5 3. Bd3 dxe4 4. Bxe4 Nf6 5. Bf3 c5 6. Ne2 Nc6 7. Be3 cxd4 8. Nxd4 Ne5 9. Nc3 Bb4 10. Ndb5 Bd7 11. a3 Bxc3+ 12. Nxc3 Nxf3+ 13. Qxf3 Bc6 14. Qg3 O-O 15. Rd1 Qa5 16. O-O Rfd8 17. Bd4 Qf5 18. Rd3 Rd7 19. Rfd1 Rad8 20. Bxf6 Qxf6 21. Rxd7 Bxd7 22. Qc7 Qe7 23. Qxb7 a5 24. h3 Qe8 25. Qc7 a4 26. Nxa4 1-0

[Event "Titled Tuesday intern op 21st Dec"]
[Site "Chess.com INT"]
[Date "2021.12.21"]
[Round "3"]
[White "Ovetchkin, Roman"]
[Black "Terletsky, Oleg"]
[Result "1-0"]
[WhiteElo "2518"]
[BlackElo "2154"]
[PlyCount "107"]
[EventDate "2021.12.21"]
[EventType "swiss (blitz)"]
[EventRounds "11"]
[EventCountry "USA"]
[SourceTitle "CBM 205 Extra"]
[Source "ChessBase"]
[SourceDate "2022.01.31"]
[SourceVersion "1"]
[SourceVersionDate "2022.01.31"]
[SourceQuality "1"]

1. d4 Nf6 2. c4 g6 3. Nc3 Bg7 4. e4 d6 5. Nf3 O-O 6. Be2 e5 7. d5 a5 8. Bg5 h6 9. Be3 Ng4 10. Bd2 f5 11. exf5 gxf5 12. h3 Nf6 13. Qc1 f4 14. g3 e4 15. Nh4 e3 16. fxe3 fxg3 17. Ng6 Re8 18. Rg1 Bf5 19. Nf4 Na6 20. Rxg3 Nb4 21. Kf2 Qe7 22. Qg1 Kh7 23. a3 Na6 24. Bd3 Bxd3 25. Nxd3 Rf8 26. Ke2 Rae8 27. Qg2 Ne4 28. Nxe4 Qxe4 29. Rg1 Qxg2+ 30. R1xg2 Bh8 31. Bxa5 b6 32. Bd2 Nc5 33. Nxc5 bxc5 34. Bc1 Re4 35. Kd3 Rfe8 36. Rf3 R8e7 37. Rgf2 Kg6 38. b4 cxb4 39. axb4 Bg7 40. Rf7 Rxf7 41. Rxf7 Rxe3+ 42. Bxe3 Kxf7 43. Ke4 Kg6 44. Ba7 Bf6 45. Bb8 Bd8 46. c5 dxc5 47. bxc5 Kf6 48. c6 h5 49. Ba7 Be7 50. Bd4+ Kf7 51. Be5 Bd8 52. Kf5 h4 53. Bf4 Kg7 54. Bg5 1-0

[Event "Titled Tuesday intern op 21st Dec"]
[Site "Chess.com INT"]
[Date "2021.12.21"]
[Round "3"]
[White "Ozdemir, Serhan Berat"]
[Black "Nozdrachev, Leonid"]
[Result "1-0"]
[WhiteElo "2178"]
[BlackElo "2370"]
[PlyCount "43"]
[EventDate "2021.12.21"]
[EventType "swiss (blitz)"]
[EventRounds "11"]
[EventCountry "USA"]
[SourceTitle "CBM 205 Extra"]
[Source "ChessBase"]
[SourceDate "2022.01.31"]
[SourceVersion "1"]
[SourceVersionDate "2022.01.31"]
[SourceQuality "1"]

1. e4 d6 2. d4 Nf6 3. Nc3 e5 4. Nf3 Nbd7 5. g4 Nxg4 6. Rg1 Nb6 7. h3 exd4 8. Qxd4 Ne5 9. Nxe5 dxe5 10. Qxe5+ Qe7 11. Qxe7+ Kxe7 12. Bf4 Kd8 13. O-O-O+ Bd7 14. Be2 Kc8 15. a4 Bb4 16. Rxg7 Bxc3 17. bxc3 Be6 18. Bg4 Bxg4 19. hxg4 Nxa4 20. Rxf7 Nxc3 21. Rxc7+ Kb8 22. Rxc3# 1-0

[Event "Titled Tuesday intern op 21st Dec"]
[Site "Chess.com INT"]
[Date "2021.12.21"]
[Round "3"]
[White "Pandey, Srishti"]
[Black "Mitusov, Semen"]
[Result "0-1"]
[WhiteElo "2177"]
[BlackElo "2304"]
[PlyCount "144"]
[EventDate "2021.12.21"]
[EventType "swiss (blitz)"]
[EventRounds "11"]
[EventCountry "USA"]
[SourceTitle "CBM 205 Extra"]
[Source "ChessBase"]
[SourceDate "2022.01.31"]
[SourceVersion "1"]
[SourceVersionDate "2022.01.31"]
[SourceQuality "1"]

1. d4 d5 2. c4 dxc4 3. e3 Nf6 4. Bxc4 e6 5. Nf3 a6 6. a4 c5 7. O-O Nc6 8. Nbd2 cxd4 9. exd4 Nxd4 10. Ne5 Bd6 11. f4 O-O 12. Kh1 Rb8 13. a5 h5 14. Bd3 Bxe5 15. fxe5 Ng4 16. Ne4 Nf5 17. Bg5 Qd4 18. Ra4 Qxb2 19. Bc1 Qxe5 20. Bf4 Qd5 21. Bxb8 Nfe3 22. Qf3 Qxd3 23. Re1 Bd7 24. Bd6 Bxa4 25. h3 Nf5 26. Qxd3 Rd8 27. hxg4 Nxd6 28. Nxd6 Bc6 29. Re3 hxg4 30. Re2 Bb5 31. Qe3 Bxe2 32. Qxe2 Rxd6 33. Qxg4 Rd5 34. Qb4 Rb5 35. Qe7 g6 36. Kh2 Kg7 37. Qd6 g5 38. Qd4+ Kg6 39. Qd3+ f5 40. Qd6 Kf6 41. Qf8+ Ke5 42. Qg7+ Ke4 43. Qxg5 Rxa5 44. Qf6 Re5 45. Qd8 Rb5 46. Qd7 Ke5 47. Qg7+ Kd6 48. Qd4+ Kc7 49. Qc4+ Kd7 50. Qd4+ Rd5 51. Qb6 Rb5 52. Qd4+ Kc7 53. Qc4+ Kd6 54. Qd4+ Ke7 55. Qg7+ Kd8 56. Qf6+ Kd7 57. Qf7+ Kd6 58. Qf8+ Kd5 59. Qd8+ Kc4 60. Qc8+ Kd5 61. Qd7+ Ke5 62. Qg7+ Ke4 63. Qf6 e5 64. Qg6 a5 65. g4 Rb2+ 66. Kg3 Rb3+ 67. Kf2 Rf3+ 68. Kg2 Rf4 69. gxf5 Rxf5 70. Qb6 Rg5+ 71. Kf2 a4 72. Qxb7+ Kf5 0-1

[Event "Titled Tuesday intern op 21st Dec"]
[Site "Chess.com INT"]
[Date "2021.12.21"]
[Round "3"]
[White "Panesar, Vedant"]
[Black "Kezin, Roman"]
[Result "1-0"]
[WhiteElo "2379"]
[BlackElo "2494"]
[PlyCount "105"]
[EventDate "2021.12.21"]
[EventType "swiss (blitz)"]
[EventRounds "11"]
[EventCountry "USA"]
[SourceTitle "CBM 205 Extra"]
[Source "ChessBase"]
[SourceDate "2022.01.31"]
[SourceVersion "1"]
[SourceVersionDate "2022.01.31"]
[SourceQuality "1"]

1. d4 Nf6 2. c4 g6 3. Nf3 Bg7 4. Nc3 d5 5. cxd5 Nxd5 6. e4 Nxc3 7. bxc3 c5 8. Bb5+ Bd7 9. Be2 O-O 10. O-O Nc6 11. d5 Ne5 12. Nxe5 Bxe5 13. Bh6 Re8 14. Rb1 Qc7 15. c4 Bxh2+ 16. Kh1 Bd6 17. f4 f6 18. Bg4 b6 19. Rb3 e6 20. dxe6 Bxe6 21. Bxe6+ Rxe6 22. Qd5 Rae8 23. f5 Kf7 24. fxe6+ Rxe6 25. Rbf3 Ke7 26. Bf4 Be5 27. Qd1 Bxf4 28. Rxf4 h5 29. a4 Qc6 30. Qd5 Qxa4 31. Qb7+ Ke8 32. e5 f5 33. Qd5 Ke7 34. Rd1 Kf7 35. Qd7+ Qxd7 36. Rxd7+ Re7 37. Rxe7+ Kxe7 38. Rf2 Ke6 39. Ra2 Kxe5 40. Rxa7 Kd4 41. Rb7 Kxc4 42. Rxb6 g5 43. Rf6 f4 44. Rf5 Kd4 45. Rxg5 c4 46. Rxh5 c3 47. Rh8 c2 48. Rc8 Kd3 49. Kh2 Kd2 50. Kh3 c1=Q 51. Rxc1 Kxc1 52. Kg4 Kd2 53. Kxf4 1-0

[Event "Titled Tuesday intern op 21st Dec"]
[Site "Chess.com INT"]
[Date "2021.12.21"]
[Round "3"]
[White "Perez Ponsa, Federico"]
[Black "Rozen, Eytan"]
[Result "1-0"]
[WhiteElo "2561"]
[BlackElo "2371"]
[PlyCount "75"]
[EventDate "2021.12.21"]
[EventType "swiss (blitz)"]
[EventRounds "11"]
[EventCountry "USA"]
[SourceTitle "CBM 205 Extra"]
[Source "ChessBase"]
[SourceDate "2022.01.31"]
[SourceVersion "1"]
[SourceVersionDate "2022.01.31"]
[SourceQuality "1"]

1. e4 c5 2. Nf3 Nc6 3. Bb5 g6 4. O-O Bg7 5. c3 Nf6 6. Re1 O-O 7. d4 cxd4 8. cxd4 d5 9. e5 Ne4 10. Bxc6 bxc6 11. Be3 Rb8 12. Qc1 Qb6 13. b3 f6 14. Nc3 Bg4 15. exf6 exf6 16. Nxe4 dxe4 17. Nd2 f5 18. Nc4 Qb5 19. Bh6 Rbd8 20. Bxg7 Kxg7 21. h3 Bh5 22. Qa3 Rd7 23. Ne5 Rc7 24. Qd6 Qb8 25. Nd7 Rxd7 26. Qxd7+ Rf7 27. Qxc6 Qf4 28. Qc5 Kh6 29. Qc1 Kg5 30. Re3 Kh6 31. Rc3 g5 32. Rc6+ Bg6 33. Qxf4 gxf4 34. d5 Rd7 35. d6 Kg5 36. Rd1 e3 37. f3 Kf6 38. Kf1 1-0

[Event "Titled Tuesday intern op 21st Dec"]
[Site "Chess.com INT"]
[Date "2021.12.21"]
[Round "3"]
[White "Pershin, Denis"]
[Black "Hakobyan, Aram"]
[Result "0-1"]
[WhiteElo "2388"]
[BlackElo "2602"]
[PlyCount "78"]
[EventDate "2021.12.21"]
[EventType "swiss (blitz)"]
[EventRounds "11"]
[EventCountry "USA"]
[SourceTitle "CBM 205 Extra"]
[Source "ChessBase"]
[SourceDate "2022.01.31"]
[SourceVersion "1"]
[SourceVersionDate "2022.01.31"]
[SourceQuality "1"]

1. d4 Nf6 2. c4 e6 3. Nc3 Bb4 4. Qc2 O-O 5. e4 d6 6. e5 dxe5 7. dxe5 Nfd7 8. Nf3 Nc6 9. Bf4 h6 10. O-O-O Bxc3 11. Qxc3 Qe7 12. Bd3 Nc5 13. Bc2 a5 14. h4 Nb4 15. Bb1 b6 16. Ng5 Bb7 17. Nh7 Rfd8 18. Qe3 Nxa2+ 19. Bxa2 Kxh7 20. Bb1+ Kg8 21. Qg3 Kh8 22. Qe3 Rxd1+ 23. Rxd1 Rd8 24. Rh1 a4 25. Bc2 Nb3+ 26. Kb1 Nd2+ 27. Ka2 Nxc4 28. Qc3 Bd5 29. Ka1 Qc5 30. Qd3 Kg8 31. Qh7+ Kf8 32. Qh8+ Ke7 33. Qxg7 Qd4 34. Qf6+ Ke8 35. Bxa4+ b5 36. Bxb5+ c6 37. Bxc4 Ra8+ 38. Kb1 Be4+ 39. Kc1 Ra1# 0-1

[Event "Titled Tuesday intern op 21st Dec"]
[Site "Chess.com INT"]
[Date "2021.12.21"]
[Round "3"]
[White "Perske, Thore"]
[Black "Paichadze, Luka"]
[Result "0-1"]
[WhiteElo "2455"]
[BlackElo "2566"]
[PlyCount "112"]
[EventDate "2021.12.21"]
[EventType "swiss (blitz)"]
[EventRounds "11"]
[EventCountry "USA"]
[SourceTitle "CBM 205 Extra"]
[Source "ChessBase"]
[SourceDate "2022.01.31"]
[SourceVersion "1"]
[SourceVersionDate "2022.01.31"]
[SourceQuality "1"]

1. e4 c6 2. d4 d5 3. e5 Bf5 4. Nf3 e6 5. Be2 Ne7 6. O-O Nd7 7. Nbd2 h6 8. c3 Bh7 9. Nb3 Ng6 10. Ne1 Be7 11. f4 O-O 12. Be3 b6 13. Nf3 Nh4 14. Nxh4 Bxh4 15. Bd3 Bxd3 16. Qxd3 f5 17. exf6 Bxf6 18. Rae1 Qc7 19. Bc1 Rae8 20. Qh3 Qd6 21. Re2 Re7 22. Rfe1 Rfe8 23. g4 g6 24. Qxh6 Nf8 25. Qh3 c5 26. g5 Bg7 27. Be3 Nd7 28. Qg4 Rf7 29. h4 Ref8 30. Bd2 cxd4 31. cxd4 Qc6 32. Qxe6 Qc2 33. Bb4 Qd3 34. Re3 Bxd4 35. Nxd4 Qxd4 36. Bxf8 Nxf8 37. Qe5 Qc5 38. Kg2 Rf5 39. Qc3 Qd6 40. Rf3 d4 41. Qd2 Ne6 42. Rxe6 Qxe6 43. Qxd4 Qe2+ 44. Qf2 Qe4 45. Kg3 Rd5 46. Qe3 Qb1 47. Qe6+ Kh7 48. Qf7+ Kh8 49. Qf8+ Kh7 50. Qf7+ Kh8 51. Qxd5 Qg1+ 52. Kh3 Qh1+ 53. Kg4 Qg2+ 54. Rg3 Qxd5 55. h5 Qd1+ 56. Kh4 Qxh5# 0-1

[Event "Titled Tuesday intern op 21st Dec"]
[Site "Chess.com INT"]
[Date "2021.12.21"]
[Round "3"]
[White "Postny, Evgeny"]
[Black "Jacobson, Aaron"]
[Result "1-0"]
[WhiteElo "2557"]
[BlackElo "2270"]
[PlyCount "51"]
[EventDate "2021.12.21"]
[EventType "swiss (blitz)"]
[EventRounds "11"]
[EventCountry "USA"]
[SourceTitle "CBM 205 Extra"]
[Source "ChessBase"]
[SourceDate "2022.01.31"]
[SourceVersion "1"]
[SourceVersionDate "2022.01.31"]
[SourceQuality "1"]

1. e4 d5 2. exd5 Nf6 3. g3 Qxd5 4. Qf3 Nc6 5. Bg2 Qe5+ 6. Qe2 Qd6 7. Nf3 Bg4 8. c3 O-O-O 9. d4 e5 10. O-O e4 11. Nbd2 exf3 12. Nxf3 Qd7 13. Bf4 Bd6 14. Bxd6 Qxd6 15. Qb5 Rhe8 16. Ne5 Bd7 17. Nxf7 Qf8 18. Nxd8 Rxd8 19. Rfe1 h5 20. Qg5 Qd6 21. Qxg7 h4 22. Qh6 hxg3 23. hxg3 Rg8 24. Rad1 Ne7 25. Qe3 Nf5 26. Qe5 1-0

[Event "Titled Tuesday intern op 21st Dec"]
[Site "Chess.com INT"]
[Date "2021.12.21"]
[Round "3"]
[White "Przybylski, Wojciech"]
[Black "Punin, Andrii"]
[Result "0-1"]
[WhiteElo "2321"]
[BlackElo "2289"]
[PlyCount "118"]
[EventDate "2021.12.21"]
[EventType "swiss (blitz)"]
[EventRounds "11"]
[EventCountry "USA"]
[SourceTitle "CBM 205 Extra"]
[Source "ChessBase"]
[SourceDate "2022.01.31"]
[SourceVersion "1"]
[SourceVersionDate "2022.01.31"]
[SourceQuality "1"]

1. e4 c6 2. Nc3 d5 3. Nf3 dxe4 4. Nxe4 Nf6 5. Nxf6+ exf6 6. g3 Bd6 7. Bg2 Qe7+ 8. Qe2 Qxe2+ 9. Kxe2 O-O 10. Re1 Re8+ 11. Kf1 Rxe1+ 12. Nxe1 Na6 13. d4 Bf5 14. c3 Re8 15. Be3 Nc7 16. a4 h5 17. a5 a6 18. h3 g5 19. Rd1 Kg7 20. Nd3 Be4 21. Bxe4 Rxe4 22. Nc5 Bxc5 23. dxc5 Nd5 24. Bd4 Kg6 25. c4 Nc7 26. b3 Re7 27. Be3 Ne6 28. Rd6 Kf5 29. Ke2 g4 30. hxg4+ hxg4 31. Kd2 Ke4 32. b4 f5 33. Kc3 Kf3 34. b5 Rc7 35. Kb4 f4 36. gxf4 g3 37. fxg3 Kxe3 38. f5 Nf8 39. Rd8 Nh7 40. g4 Kf4 41. Rd6 Kg5 42. Rd8 Nf6 43. Ra8 cxb5 44. cxb5 axb5 45. Kxb5 Kxg4 46. Ra7 Kxf5 47. Kb6 Nd5+ 48. Kb5 Ke5 49. Ra8 f5 50. Re8+ Re7 51. Rxe7+ Nxe7 52. Kb6 Kd5 53. Kxb7 Kxc5 54. a6 Nc6 55. Ka8 f4 56. Kb7 f3 57. Ka8 f2 58. Kb7 f1=Q 59. Ka8 Qxa6# 0-1

[Event "Titled Tuesday intern op 21st Dec"]
[Site "Chess.com INT"]
[Date "2021.12.21"]
[Round "3"]
[White "Quispe Arteaga, Gabriel"]
[Black "Shtyka, Sergey"]
[Result "0-1"]
[WhiteElo "2388"]
[BlackElo "2154"]
[PlyCount "68"]
[EventDate "2021.12.21"]
[EventType "swiss (blitz)"]
[EventRounds "11"]
[EventCountry "USA"]
[SourceTitle "CBM 205 Extra"]
[Source "ChessBase"]
[SourceDate "2022.01.31"]
[SourceVersion "1"]
[SourceVersionDate "2022.01.31"]
[SourceQuality "1"]

1. Nf3 c5 2. b3 Nf6 3. Bb2 e6 4. e3 d5 5. Be2 Nc6 6. Rg1 Be7 7. g4 O-O 8. g5 Ne4 9. h4 d4 10. d3 Nd6 11. Nbd2 dxe3 12. fxe3 Nf5 13. Nf1 f6 14. Qd2 b5 15. O-O-O a5 16. Ng3 Nxg3 17. Rxg3 a4 18. Rdg1 f5 19. d4 axb3 20. axb3 c4 21. bxc4 Ba3 22. cxb5 Bxb2+ 23. Kxb2 Ne7 24. Bc4 Nd5 25. Ne5 Bb7 26. Bxd5 Bxd5 27. c4 Be4 28. Qb4 f4 29. Rg4 fxe3 30. Rxe4 Rf2+ 31. Kb1 Ra1+ 32. Kxa1 Qa8+ 33. Kb1 Qa2+ 34. Kc1 Qc2# 0-1

[Event "Titled Tuesday intern op 21st Dec"]
[Site "Chess.com INT"]
[Date "2021.12.21"]
[Round "3"]
[White "Rengifo Blancas, Renzo Jhonathan"]
[Black "Perez Gormaz, Matias Ariel"]
[Result "0-1"]
[WhiteElo "2131"]
[BlackElo "2404"]
[PlyCount "86"]
[EventDate "2021.12.21"]
[EventType "swiss (blitz)"]
[EventRounds "11"]
[EventCountry "USA"]
[SourceTitle "CBM 205 Extra"]
[Source "ChessBase"]
[SourceDate "2022.01.31"]
[SourceVersion "1"]
[SourceVersionDate "2022.01.31"]
[SourceQuality "1"]

1. e4 c5 2. c3 d6 3. d3 Nc6 4. Nf3 g6 5. Nbd2 Bg7 6. g3 e6 7. Bg2 Nge7 8. O-O O-O 9. Qe2 b5 10. a4 b4 11. cxb4 Nxb4 12. e5 d5 13. Nb3 Nxd3 14. Qxd3 c4 15. Qd1 cxb3 16. Qxb3 Ba6 17. Re1 Nc6 18. Bg5 Qd7 19. Bf6 Rab8 20. Qe3 Rxb2 21. Rac1 Bc4 22. Qg5 h6 23. Qh4 Rfb8 24. Bh3 Bf8 25. Ng5 R2b4 26. Bg4 Ne7 27. Red1 Nf5 28. Bxf5 exf5 29. Rxc4 Rxc4 30. Qxc4 hxg5 31. Rxd5 Qe6 32. Qd4 Rb4 33. Qd1 Rb1 34. Qxb1 Qxd5 35. Qc2 g4 36. Qb1 Qc6 37. Qd1 a5 38. Qd8 Qc1+ 39. Kg2 Qc6+ 40. Kg1 Qc5 41. Kg2 Kh7 42. e6 Qc6+ 43. Kg1 Qc1+ 0-1

[Event "Titled Tuesday intern op 21st Dec"]
[Site "Chess.com INT"]
[Date "2021.12.21"]
[Round "3"]
[White "Ruiz Aguilar, Pablo Alexander"]
[Black "Hoffmann, Asa"]
[Result "1-0"]
[WhiteElo "2171"]
[BlackElo "2185"]
[PlyCount "55"]
[EventDate "2021.12.21"]
[EventType "swiss (blitz)"]
[EventRounds "11"]
[EventCountry "USA"]
[SourceTitle "CBM 205 Extra"]
[Source "ChessBase"]
[SourceDate "2022.01.31"]
[SourceVersion "1"]
[SourceVersionDate "2022.01.31"]
[SourceQuality "1"]

1. e4 d6 2. d4 Nf6 3. Nc3 c6 4. f4 Qa5 5. Bd3 e5 6. dxe5 dxe5 7. fxe5 Ng4 8. Nf3 Nxe5 9. Nxe5 Qxe5 10. O-O Bd6 11. Bf4 Qd4+ 12. Kh1 Bxf4 13. Rxf4 Qe5 14. Qf3 Be6 15. Rf1 O-O 16. Qg3 Nd7 17. Nd1 h6 18. c3 Qg5 19. Qf2 Ne5 20. Bc2 Rad8 21. Ne3 Nd3 22. Bxd3 Rxd3 23. Qe2 Rfd8 24. Nd5 R3xd5 25. exd5 Bxd5 26. Rg4 Qh5 27. Rxg7+ Kxg7 28. Qxh5 1-0